Mexican Brands - Statistics

General Stats
  • This quiz has been taken 12 times
  • The average score is 4 of 16
Answer Stats
Picture Answer % Correct
Tajin
71%
Oxxo
57%
Club America
43%
Dos Equis
43%
Valentina
43%
Jarritos
29%
Pemex
29%
Aeromexico
14%
Coppel
14%
Jumex
14%
La Costeña
14%
Modelo
14%
Sabritas
14%
Telmex
14%
Barcel
0%
Farmacias Similares
0%
No matching quizzes found
Score Distribution
Percent of People with Each Score
Percentile by Number Answered
Your Score History
You have not taken this quiz